书目信息 |
| 题名: |
喷涂机器人轨迹优化技术研究
|
|
| 作者: | 陈伟, 著 | |
| 分册: | ||
| 出版信息: | 广州 中山大学出版社 2016 |
|
| 页数: | 255页 | |
| 开本: | 24cm | |
| 丛书名: | ||
| 单 册: | ||
| 中图分类: | TP242.3 | |
| 科图分类: | ||
| 主题词: | 喷漆机器人--pen qi ji qi ren--自动化技术--研究 | |
| 电子资源: | ||
| ISBN: | 978-7-306-05787-7 | |
| 000 | 00955nam0 2200253 450 | |
| 001 | 1651117750 | |
| 005 | 20161129111317.3 | |
| 010 | @a978-7-306-05787-7@dCNY50.00 | |
| 100 | @a20161128d2016 em y0chiy50 ea | |
| 101 | 0 | @achi |
| 102 | @aCN@b440000 | |
| 105 | @aa a 000yy | |
| 106 | @ar | |
| 200 | 1 | @a喷涂机器人轨迹优化技术研究@Apen tu ji qi ren gui ji you hua ji shu yan jiu@f陈伟著 |
| 210 | @a广州@c中山大学出版社@d2016 | |
| 215 | @a255页@c图@d24cm | |
| 314 | @a陈伟, 男, 江苏镇江人, 博士, 江苏科技大学电子信息学院副教授。 | |
| 320 | @a有书目 (第238-255页) | |
| 330 | @a本书共分为10章, 主要内容包括: 绪论、喷涂工件曲面造型方法研究、喷涂机器人空间路径规划方法研究、平面和规划曲面上的喷涂机器人轨迹优化、面向三维实体的喷涂机器人空间轨迹优化研究等。 | |
| 606 | 0 | @a喷漆机器人@Apen qi ji qi ren@x自动化技术@x研究 |
| 690 | @aTP242.3@v5 | |
| 701 | 0 | @a陈伟,@Achen wei@f1981-@4著 |
| 801 | 0 | @aCN@b人天书店@c20161128 |
| 905 | @aBZT@dTP242.3@e4 | |
| 喷涂机器人轨迹优化技术研究/陈伟著.-广州:中山大学出版社,2016 |
| 255页:图;24cm |
| ISBN 978-7-306-05787-7:CNY50.00 |
| 本书共分为10章, 主要内容包括: 绪论、喷涂工件曲面造型方法研究、喷涂机器人空间路径规划方法研究、平面和规划曲面上的喷涂机器人轨迹优化、面向三维实体的喷涂机器人空间轨迹优化研究等。 |
| ● |
| 相关链接 |
|
|
|
正题名:喷涂机器人轨迹优化技术研究
索取号:TP242.3/4
 
预约/预借
| 序号 | 登录号 | 条形码 | 馆藏地/架位号 | 状态 | 备注 |
| 1 | 820381 | 2000820381 | 第二书库/ [索取号:TP242.3/4] | 在馆 | |
| 2 | 820382 | 2000820382 | 第二书库/ [索取号:TP242.3/4] | 在馆 | |
| 3 | 820383 | 2000820383 | 第二书库/ [索取号:TP242.3/4] | 在馆 |